IFM Opac

Discovering Statistical Using IBM SPSS Statistics (Record no. 22199)

MARC details
000 -LEADER
fixed length control field 00338nam a22001337a 4500
020 ## - INTERNATIONAL STANDARD BOOK NUMBER
ISBN 978-1-4462-4918-5
082 ## - DEWEY DECIMAL CLASSIFICATION NUMBER
Classification number 519.5028
100 ## - MAIN ENTRY--AUTHOR NAME
Personal name Field, Andy
245 ## - TITLE STATEMENT
Title Discovering Statistical Using IBM SPSS Statistics
250 ## - EDITION STATEMENT
Edition statement 4th
260 ## - PUBLICATION, DISTRIBUTION, ETC. (IMPRINT)
Place of publication London:
Name of publisher SAGE Publications,
Year of publication 2013
300 ## - PHYSICAL DESCRIPTION
Number of Pages xxxvi, 915p.: ill.; 26cm
942 ## - ADDED ENTRY ELEMENTS (KOHA)
Koha item type Books
Holdings
Withdrawn status Lost status Damaged status Not for loan Collection code Permanent Location Current Location Shelving location Date acquired Source of acquisition Full call number Accession Number Price effective from Koha item type
        Non-fiction IFM Main Campus Library IFM Main Campus Library Work Room processing 01/21/2026 Purchased 519.5028 FIE 0000030959 01/21/2026 Books
        Non-fiction IFM Main Campus Library IFM Main Campus Library Work Room processing 01/21/2026 Purchased 519.5028 FIE 0000030930 01/21/2026 Books